[Event "RUS-chT 06th"]
[Site "St Petersburg"]
[Date "1999.05.23"]
[Round "8"]
[White "Semeniuk, Alexander A"]
[Black "Zvjaginsev, Vadim"]
[Result "0-1"]
[WhiteElo "2456"]
[BlackElo "2658"]
[Annotator "Ftacnik,L"]
[PlyCount "107"]
[EventDate "1999.05.16"]
[EventType "team-tourn"]
[EventRounds "9"]
[EventCountry "RUS"]
[SourceTitle "EXT 2020"]
[Source "ChessBase"]
[SourceDate "2019.10.17"]
[SourceVersion "1"]
[SourceVersionDate "2019.10.17"]
[SourceQuality "1"]
[WhiteTeam "Vladivostok DVGU"]
[BlackTeam "Tomsk Siberia"]
[WhiteTeamCountry "RUS"]
[BlackTeamCountry "RUS"]

1. e4 c5 2. Nf3 e6 3. d4 cxd4 4. Nxd4 Nc6 5. Nc3 d6 6. f4 Nf6 7. Nf3 Qb6 8. Bd3
d5 $5 9. Qe2 (9. e5 Nd7 10. a3 a6 11. Qe2 Bc5 12. b4 Nd4 $1 13. bxc5 Nxe2 14.
cxb6 Nxc3 15. Be3 Na4 16. Rb1 Ndc5 17. Nd2 Bd7 18. Be2 Rc8 19. Bd4 Ke7 20. Kf2
Bb5 $5 21. Rhc1 Nxb6 22. Bxb5 axb5 23. Rxb5 Nbd7 {1/2-1/2 Adams,M-Zvjaginsev,V/
Tilburg/1998/ (32)}) (9. exd5 exd5 10. Qe2+ Be7 11. Nb5 O-O $11) 9... Be7 {
The logic behind the original move 8...d5!? lays in the connection with the
french type of positions.} (9... Bb4 10. Bd2 d4 11. Nd1 Bc5 12. a3 a5 13. b3
Qc7 14. Nf2 h5 15. g3 Qe7 16. Bc1 Bd7 17. O-O g6 18. Kg2 Ng4 19. Nxg4 hxg4 20.
Ne5 O-O-O 21. Nxd7 Qxd7 22. Qxg4 {1-0 Lambshire,M-Littlewood,N/Oxford/1967/ 
(50)}) 10. e5 (10. exd5 exd5 11. Nb5 O-O 12. Be3 Bc5 $11) 10... Nd7 11. Bd2 Nc5
(11... Qxb2 12. Rb1 Qa3 13. Nb5 Qxa2 14. Qd1 O-O 15. Ra1 Qb2 16. Rb1 $11) 12.
O-O-O Bd7 13. Be3 (13. Bb5 a6 14. Ba4 Rc8 15. Be3 Qa5 $15) 13... Nxd3+ 14. Qxd3
Qa5 15. Kb1 (15. a3 Rc8 16. f5 Bxa3 17. fxe6 fxe6 18. Nxd5 Bxb2+ 19. Kxb2 exd5
20. Qxd5 Qb4+ $15) (15. Qb5 $6 Qc7 $15) 15... Rc8 16. Nd4 O-O (16... Nb4 17.
Nb3 $5 (17. Qd2 Nc6 $15) 17... Nxd3 18. Nxa5 Nxb2 $1 19. Kxb2 Bb4 20. Nxb7
Bxc3+ 21. Kc1 $11) 17. Nb3 Qd8 (17... Qc7 18. Nb5 Qb8 19. Nc5 $6 (19. a3 $15)
19... Nxe5 20. Nxd7 Nxd7 21. Nxa7 Rc4 22. Nb5 Rfc8 $17) 18. Qd2 a5 {With the
solid center black has every reason to start counterplay on the queenside as
soon as possible.} 19. Qf2 a4 $5 20. Bb6 (20. Nxa4 Nxe5 21. Nb6 Ng4 22. Qg3
Nxe3 23. Nxc8 Nxd1 24. Nxe7+ Qxe7 25. Rxd1 Rc8 $15) 20... Qe8 21. Nc5 (21. Nxa4
Nxe5 22. Nac5 Nc4 23. Nxd7 (23. Nxb7 Rb8 24. N3a5 Rxb7 25. Nxb7 Qb8 $17) 23...
Qxd7 $15) 21... a3 22. b3 (22. Nxb7 axb2 23. Nd6 Bxd6 24. exd6 Ra8 $13) 22...
Nb4 23. Rhe1 (23. f5 exf5 24. Qd4 Nc6 25. Qxd5 Nxe5 26. Nxd7 (26. Qxe5 Bxc5 27.
Qxc5 Rxc5 28. Bxc5 Qe5 29. Bxf8 Kxf8 $19) 26... Nxd7 27. Bd4 Bf6 $13) 23... Bd8
24. Bxd8 (24. Nxb7 Rxc3 25. Nxd8 Rxc2 26. Re2 Rxe2 27. Qxe2 Bb5 $15) 24... Qxd8
25. Qd4 (25. Nxb7 $2 Qc7 $19) 25... Nc6 26. Qd2 (26. Qf2 Nb8 $15) 26... Nxe5
27. Nxe6 (27. Rxe5 Rxc5 28. Ne4 Rc7 $17) 27... fxe6 28. Rxe5 Qc7 29. Ne2 Rxf4
$1 {Nice trick helps to keep the flame of attack burning, black hopes to get
the bishop on the diagonal b1-h7 in the proper moment.} 30. Rxd5 (30. Nxf4 Qxe5
31. Nd3 Qxh2 32. Re1 $19) (30. Rxe6 Rf2 (30... Bxe6 31. Nxf4 Qe5 32. Nd3 $11)
31. Re7 (31. Re3 Bc6 32. Qd4 Rxg2 $15) 31... Kf8 32. Rc1 Qd6 33. Qd4 Rxg2 34.
Re5 $15) 30... Rf7 31. Rd3 (31. Rd6 e5 32. Ng3 Rf2 33. Qd5+ Kh8 34. c4 Be8 $15)
31... Qe5 32. Nd4 $6 (32. c3 Bb5 (32... Rcf8 33. Rxd7 Rxd7 34. Qxd7 Qxe2 35.
Qd2 Qxd2 36. Rxd2 Rf1+ 37. Kc2 $11) 33. Re3 Qh5 $15) 32... Qxh2 $1 {It can not
hurt to win some material on the way...} 33. Nf3 Qc7 34. Ng5 (34. Rxd7 $2 Rxd7
35. Qxd7 Qxc2+ $19) 34... Re7 35. Rh3 Qe5 (35... Be8 $5 36. Rd3 Bg6 37. Rd8+
Re8 38. Rxe8+ Rxe8 $17) 36. c3 (36. Qc1 h6 (36... Be8 $2 37. Rxh7 Bg6 38. Rh4
$14) 37. Rhd3 Bc6 $17) 36... h6 37. Nf3 Qxc3 38. Qxc3 Rxc3 39. Ne5 Rxh3 (39...
Rc7 $19) 40. gxh3 Be8 {The endgame is hopeless, since black can march his
majority on the kingside without much resistance.} 41. Rd8 g5 $1 42. Ra8 Kg7
43. Rxa3 Bg6+ 44. Kb2 (44. Nxg6 Kxg6 45. b4 Kf5 $19) 44... Bf5 45. b4 h5 46. b5
Kf6 47. Re3 Bxh3 48. Rxh3 (48. Kc3 Bf5 $19) 48... Kxe5 49. Rxh5 Kf4 50. a4 g4
51. Rh8 (51. a5 g3 52. Rh6 Rg7 53. Rf6+ Kg4 54. Rxe6 g2 55. Re1 Kf3 $19) 51...
Rg7 52. Rf8+ Ke4 53. Rf6 e5 54. Rf1 (54. Rf1 g3 55. a5 g2 56. Rg1 Kf3 $19) 0-1

[Event "Olomouc AZ Sanace Cup"]
[Site "Olomouc"]
[Date "1998.08.15"]
[Round "8"]
[White "Mokry, Karel"]
[Black "Kalod, Radek"]
[Result "0-1"]
[WhiteElo "2495"]
[BlackElo "2435"]
[Annotator "Ftacnik,L"]
[PlyCount "94"]
[EventDate "1998.08.08"]
[EventType "tourn"]
[EventRounds "9"]
[EventCountry "CZE"]
[EventCategory "10"]
[SourceTitle "CBM 067"]
[Source "ChessBase"]
[SourceDate "1998.11.30"]
[SourceVersion "2"]
[SourceVersionDate "1998.11.01"]
[SourceQuality "1"]

1. e4 c5 2. Nf3 d6 3. d4 cxd4 4. Nxd4 Nf6 5. Nc3 a6 6. f4 Nc6 7. Nf3 e6 8. Bd3
b5 9. O-O Bb7 (9... b4 10. Na4 Be7 11. Qe1 O-O 12. Be3 Rb8 13. Kh1 a5 14. Rd1
Qc7 15. b3 Rd8 16. c4 bxc3 17. Qxc3 Bd7 18. Nd2 Be8 19. Bg1 Qb7 {1/2-1/2
Polgar,J-Ivanchuk,V/Dos Hermanas 1996/ (70)}) (9... Be7 10. Qe2 Bb7 11. Kh1 Nd7
12. Be3 Nb4 13. Bd4 O-O 14. Qf2 Nxd3 15. cxd3 b4 16. Nd1 e5 17. fxe5 dxe5 18.
Nxe5 Nxe5 19. Bxe5 Qxd3 20. Ne3 Bxe4 21. Bxg7 Kxg7 22. Qg3+ Kh8 23. Qe5+ f6 24.
Qxe7 Rae8 25. Qc5 Rg8 {0-1 Mokry,K-Ftacnik,L/CZE 1998/ (75)}) 10. Qe1 Be7 11.
e5 (11. Kh1 Nb4 $11) 11... dxe5 12. fxe5 (12. Nxe5 Nb4 $15) 12... Nd7 13. Qg3 (
13. a4 b4 14. Nd1 Ndxe5 $1 $17) (13. Bf4 $5 Nc5 14. Rd1 $11) 13... Ndxe5 $1 14.
Nxe5 $2 {White have just lost the most important pawn on e5 and the situation
has called for strong meassures.} (14. Qxg7 $5 Bf6 15. Qh6 Nxd3 16. cxd3 Bxc3 (
16... Nb4 17. Ne4 Be7 18. Bg5 Bxe4 19. dxe4 $14) 17. bxc3 Qxd3 18. Qg7 Rf8 19.
Bh6 O-O-O 20. a4 $13) 14... Qd4+ 15. Kh1 (15. Rf2 Qxe5 16. Bf4 Qd4 17. Raf1 (
17. Be3 Bh4 $19) 17... O-O $15) 15... Nxe5 $1 {[%mdl 64] This neat move in
effect refutes white's concept. The Bb7 exerts strong pressure against g2 pawn
and all black pieces are active.} (15... Qxe5 16. Bf4 Qf6 17. Be3 $11) 16. Be4
(16. Rf4 Qd6 17. Qxg7 O-O-O 18. Ne4 Bxe4 19. Rxe4 Nxd3 20. cxd3 Qxd3 $17) (16.
Qxg7 O-O-O 17. Bxh7 (17. Ne2 Qd6 18. Bxh7 Be4 19. Bf4 (19. Bxe4 Nf3 $1 20. Qc3+
Kb8 $19) 19... Rxh7 20. Qxe5 Qxe5 21. Bxe5 Rd2 22. Nf4 Bg5 $17) 17... Qg4 18.
Qxg4 Nxg4 19. Rxf7 Rdf8 20. Rxf8+ Bxf8 $19) 16... Bxe4 17. Rd1 (17. Be3 Qb4 18.
Qxg7 Rf8 (18... Ng6 $6 19. Qxf7+ Kd7 20. Rad1+ Kc7 21. Qxe6 $16) 19. Qxe5 Bxc2
$15) 17... Qc4 (17... Qc5 18. Nxe4 Qxc2 19. Bh6 (19. Bf4 Ng6 $19) 19... Qxe4
20. Bxg7 Rg8 21. Qxe5 Qg6 22. Qc7 f6 $19) 18. Qxe5 Bxc2 19. b3 (19. Re1 O-O $19
) (19. Qxg7 Bxd1 20. Qxh8+ Kd7 21. Qxa8 Qf1#) 19... Qg4 20. Rd2 O-O (20... Bf6
21. Qd6 Be4 22. Qd7+ Kf8 23. Ba3+ Kg8 $17) (20... Bf5) 21. Rxc2 (21. Qc7 Bf6
22. Rxc2 Bxc3 23. Bb2 Bxb2 24. Rxb2 $19) 21... Bf6 22. Qg3 (22. Qe1 b4 23. Bb2
Rac8 24. Rac1 bxc3 25. Bxc3 $17) 22... Qxg3 23. hxg3 b4 24. Bb2 Rfc8 25. Rac1
bxc3 26. Bxc3 Bg5 {[%mdl 4096] Kalod forces transposition into very favourable
ending.} (26... Rxc3 27. Rxc3 Bxc3 28. Rxc3 h5 $17) 27. Bd2 (27. Rd1 Rc7 $19)
27... Rxc2 28. Rxc2 Bxd2 29. Rxd2 h5 30. Rd7 Rc8 31. Rd6 (31. Ra7 Rc6 $17)
31... a5 32. Rb6 Rc5 33. Kg1 (33. Rb7 g6 34. a4 Kg7 35. Rb5 Rd5 $19) 33... Kh7
34. a4 Rf5 35. b4 (35. Rb5 Kg6 $19) 35... axb4 36. Rxb4 Rc5 37. Rb1 $1 (37. Rb2
Rc1+ 38. Kf2 Ra1 $19) 37... Kg6 38. Ra1 Ra5 39. Ra3 (39. Kf2 Kg5 40. Kf3 e5 $19
) 39... Kg5 {Black rook stops the a4 pawn in the worst possible manner, but on
the kingside the game will be decided in his favour.} 40. Kf2 e5 41. Ke3 Kg4
42. Kd2 (42. Ke4 f5+ 43. Kd3 Kxg3 44. Kc4+ Kxg2 45. Kb4 Ra8 $19) 42... f5 43.
Kc3 g5 $1 (43... Kxg3 $4 44. Kb4+ Kxg2 45. Kxa5 $18) 44. Kb4 Ra8 45. a5 e4 46.
a6 f4 47. gxf4 (47. a7 f3 48. gxf3+ exf3 49. Kc5 Kxg3 50. Kb6 Kg2 $19) 47...
gxf4 (47... gxf4 48. Kc5 e3 49. Kb6 e2 50. Ra1 Kg3 51. Kb7 Re8 52. a7 Kxg2 $19)
0-1

[Event "BIH-chT"]
[Site "Neum"]
[Date "2004.05.29"]
[Round "1.1"]
[White "Sutovsky, Emil"]
[Black "Ilincic, Zlatko"]
[Result "1-0"]
[WhiteElo "2661"]
[BlackElo "2538"]
[Annotator "Ftacnik,L"]
[PlyCount "57"]
[EventDate "2004.05.29"]
[EventType "team"]
[EventRounds "9"]
[EventCountry "BIH"]
[SourceTitle "CBM 102"]
[Source "ChessBase"]
[SourceDate "2004.09.23"]
[SourceVersion "1"]
[SourceVersionDate "2004.09.23"]
[SourceQuality "1"]
[WhiteTeam "Kiseljak"]
[BlackTeam "Banja Luka"]
[WhiteTeamCountry "BIH"]
[BlackTeamCountry "BIH"]

1. e4 c5 2. Nc3 a6 3. f4 d6 4. Nf3 e6 5. d4 cxd4 6. Nxd4 Nf6 7. Qf3 Qb6 8. Nb3
Qc7 9. g4 b5 10. g5 b4 11. Nb5 axb5 12. gxf6 Bd7 {This line is rather special,
since the pawn structure suddenly becomes rather unusual. Black players have
done quite well in known games and they usually didn't bother to defend b5
pawn.} (12... gxf6 13. Bxb5+ (13. Nd4 Bd7 14. f5 Nc6 15. Nxb5 Qa5 16. fxe6 fxe6
17. Bd2 Ne5 18. Qe2 Rc8 19. Nd4 Nc4 20. Nb3 Qe5 21. Bxb4 Nxb2 {0-1 Timman,
J-Tal,M/Hilversum 1988/ (29)}) 13... Nd7 14. f5 (14. Qe2 Bb7 15. Rg1 h5 16. Bd2
{1/2-1/2 Hazai,L-Suba,M/Szirak 1986/MCL (16)}) 14... Qb6 15. Qe2 Rb8 16. c4
bxc3 17. a4 Ba6 18. Bxa6 Qxb3 19. Bb5 Ke7 20. fxe6 fxe6 21. O-O cxb2 22. Bxb2
Rc8 {0-1 Gipslis,A-Van Wely,L/Gausdal/1992/ (43)}) (12... Nd7 13. Bxb5 Ba6 (
13... gxf6 14. f5 Ke7 (14... e5 15. Bd2 Bb7 16. Qd3 Rg8 17. O-O-O Rxa2 18. Kb1
Ra8 19. Bxb4 d5 20. Bxf8 Kxf8 21. exd5 Nc5 22. Nxc5 Qxc5 {1/2-1/2 Herrera,
I-Suba,M/La Coruna 1999/ (33)}) 15. Bxd7 Bxd7 16. fxe6 fxe6 17. Rf1 Bb5 18.
Qxf6+ Kd7 19. Qxh8 Be7 20. Qxa8 Qc4 21. Qb7+ Ke8 22. Rf2 Bh4 23. Qf7+ Kd8 24.
Bg5+ {1-0 Polgar,J-Van Wely,L/Amsterdam 1995/ (24)}) 14. fxg7 Bxg7 15. Bd3 Bf6
16. O-O Ke7 17. Bxa6 Rxa6 18. e5 dxe5 19. fxe5 Qxe5 20. Bf4 Rg8+ 21. Kh1 Qd5
22. Qxd5 exd5 23. a3 bxa3 24. Rae1+ Re6 25. bxa3 Rc8 {0-1 Mueller,H-Kohlweyer,
B/Germany 1990/ (41)}) (12... Qb7 13. Nd4 Bd7 14. f5 exf5 15. fxg7 Bxg7 16.
Nxf5 Be5 17. Bf4 Bxf5 18. Bxe5 Bxe4 19. Qf6 Rg8 20. Bxd6 Nc6 21. Bh3 Qa7 22.
Rf1 Qe3+ 23. Kd1 Bxc2+ 24. Kxc2 Nd4+ 25. Qxd4 Qxd4 {0-1 Moisan Plante,M-Chabot,
R/Montreal 2004/ (65)}) 13. fxg7 Bxg7 14. Rg1 Bf6 (14... Bf8 15. Bd3 Na6 16.
Be3 $16) 15. e5 Bc6 (15... Bh4+ 16. Kd1 Bc6 17. Qh5 Bf2 18. Rg7 $14) 16. Qh5 (
16. Bxb5 dxe5 17. c4 bxc3 18. Qxc3 Qb6 $15) 16... dxe5 17. f5 $5 {Sutovsky
plays a risky concept with immediate activization of all his forces.} (17. Qh6
Qd8 18. fxe5 Bxe5 19. Bd3 Qd6 $15) 17... exf5 (17... Qd6 18. fxe6 Qxe6 19. Be3
Nd7 20. Be2 $13) 18. Bg5 (18. Qxf5 Bh4+ 19. Kd1 Nd7 20. Be3 Nf6 $15) 18... Qe7
(18... Bxg5 19. Rxg5 Bd7 20. Rg7 Rf8 $15) (18... Rg8 19. Qxh7 Rxg5 20. Rxg5
Bxg5 21. Qg8+ Kd7 22. Qxg5 $14) 19. O-O-O Rxa2 20. Kb1 (20. Be3 Nd7 (20... e4
21. Qxf5 Nd7 22. Bxb5 $13) 21. Kb1 Ra8 22. Qxf5 Nf8 23. Nc5 b3 24. Nxb3 Qe6 $15
) 20... Ra7 $6 {[%mdl 256] It is impossible to play such a position perfectly
over the board. Ilincic logically strives to excgange one of white rooks, but
white gets a vital tempo in the attack.} (20... Ra8 21. Bxf6 Qxf6 22. Rg5 Nd7 (
22... Bd7 23. Bxb5 Ke7 24. Bxd7 Nxd7 25. Rxf5 Qg6 26. Rxe5+ Nxe5 27. Qxe5+ Qe6
28. Qc5+ $18) 23. Rxf5 Qe7 24. Re1 $13) 21. Be3 Rd7 (21... Ra6 22. Bc5 Qc7 23.
Qxh7 $1 $18) 22. Bh3 Rxd1+ (22... h6 23. Bc5 Qd8 24. Bxf5 Rxd1+ 25. Rxd1 Qc7
26. Bd6 $18) 23. Rxd1 Bd7 $2 {This passive defense is positively wrong since
black will not manage to develop his pieces.} (23... h6 24. Bc5 $1 Qb7 (24...
Qe6 25. Rd6 $18) 25. Qxf5 Bg7 26. Bxb4 Bd7 27. Nc5 Bxf5 28. Nxb7 $18) (23...
Be4 24. Nc5 $1 (24. Bxf5 Bxf5 25. Qxf5 Qe6 $15) 24... b3 25. Nxb3 Qb4 (25... f4
26. Bb6 Rg8 27. Bd8 $1 $16) 26. Nc5 Rg8 27. Nxe4 Qxe4 28. Qxf5 Qxf5 29. Bxf5
$14) (23... Qc7 $1 24. Bxf5 (24. Qxf5 Be7 (24... Bg7 25. Rg1 Bd7 26. Qg5 Rg8
27. Qh5 $16) 25. Rf1 Rf8 26. Qxh7 Nd7 $15) 24... h6 25. Nc5 b3 26. Nxb3 Nd7 27.
Bxd7+ Bxd7 28. Nc5 Bc8 29. Ne4 Be7 30. Rd5 Rg8 31. Rxe5 Rg6 $13) 24. Nc5 Bc8 (
24... Bc6 25. Qxf5 O-O 26. Bh6 Re8 27. Rg1+ Kh8 28. Qg4 $18) 25. Bxf5 Bxf5 (
25... Qc7 26. Bxc8 Qxc8 27. Ne4 Qc6 (27... Be7 28. Qxe5 $18) 28. Qf5 Bg7 29.
Nd6+ $18) 26. Qxf5 O-O (26... Kf8 27. Bh6+ Ke8 28. Ne4 $18) 27. Rg1+ Kh8 28.
Ne4 Bg7 (28... Bh4 29. Bc5 Qd7 30. Qxe5+ f6 31. Qf4 $18) 29. Ng5 1-0

[Event "FRA-ch Prelim Gr-B"]
[Site "Besancon"]
[Date "1999.08.22"]
[Round "7"]
[White "Fressinet, Laurent"]
[Black "Boudre, Jean Pierre"]
[Result "1-0"]
[WhiteElo "2440"]
[BlackElo "2397"]
[Annotator "Ftacnik,L"]
[PlyCount "59"]
[EventDate "1999.08.16"]
[EventType "tourn"]
[EventRounds "7"]
[EventCountry "FRA"]
[EventCategory "10"]
[SourceTitle "CBM 073"]
[Source "ChessBase"]
[SourceDate "1999.12.01"]
[SourceVersion "1"]
[SourceVersionDate "1999.12.01"]
[SourceQuality "1"]

1. e4 c5 2. Nc3 d6 3. f4 e6 4. Nf3 Nf6 5. d4 cxd4 6. Nxd4 Be7 7. Be3 O-O 8. Qf3
e5 9. Nf5 Bxf5 10. exf5 e4 11. Nxe4 Nxe4 12. Qxe4 d5 13. Qf3 (13. Qd3 Nc6 14.
O-O-O Nb4 15. Qb3 a5 16. a4 Qc7 17. Kb1 Bc5 18. Qc3 b6 19. Bb5 Rfe8 20. Bxc5
bxc5 21. Bxe8 Rxe8 22. Rhe1 {1-0 Georgiev,K-Djukic,Z/Nis/1981/ (34)}) 13...
Qa5+ 14. Bd2 Bb4 (14... Qc5 15. c3 Nc6 16. Bd3 $14) 15. c3 Bc5 $6 {A clera
sign, that black is not happy with his position. White's extra pawn and a
strong bishop's pair should give him serious advantage in case he manages to
coordinate his pieces.} 16. Qd3 (16. b4 $5 Re8+ 17. Be2 Qb5 18. bxc5 Nc6 19.
Kf1 Qb2 20. Rd1 Qxa2 21. f6 $18) 16... Re8+ 17. Be2 Nc6 $2 (17... Qa6 18. Kf1
$16) 18. b4 $1 Qa3 (18... Nxb4 19. cxb4 Bxb4 20. Rb1 Bxd2+ 21. Qxd2 $18) 19.
bxc5 Nb4 (19... Re4 20. Kf2 Rae8 21. Bf3 Qxc5+ 22. Kg3 $18) 20. Qb5 (20. Qb1
Qa6 21. Qd1 Nd3+ (21... Nc2+ 22. Kf2 Rxe2+ 23. Qxe2 Qxe2+ 24. Kxe2 $18) 22. Kf1
Re4 23. Bc1 Rae8 24. Bxd3 Re1+ 25. Qxe1 Qxd3+ 26. Kf2 Rxe1 27. Rxe1 f6 28. Be3
$18) 20... Nc2+ 21. Kf2 Nxa1 (21... a6 22. Qb6 Nxa1 23. Rxa1 $18) 22. Rxa1 {
The tactical operation proved to be a failure for black, he doesn't have
enough for sacrificed material.} a5 (22... Rac8 23. Qb4 $1 Qxb4 24. cxb4 $18)
23. Bf3 (23. Qb6 Rac8) 23... Rad8 (23... Rac8 24. Bxd5 Qxc5+ 25. Qxc5 Rxc5 26.
c4 b5 27. Be3 $18) 24. Kg3 (24. Bxd5 Kf8 25. Qc4 Qb2 26. Rd1 a4 (26... Qc2 27.
Qb3 $18) 27. Qd3 Qxa2 28. c4 $18) 24... Re7 25. h3 h6 26. Bc1 $1 {White finds
a shortcut to victory, black will be smashed with a sudden kingside attack.} (
26. Qb6 Rc8 27. f6 Re6 28. Qxb7 Qxc5 29. fxg7 $18) 26... Qxc3 27. Bb2 Qe3 (
27... Qb4 28. Qxb4 axb4 29. f6 Rc7 30. Bd4 gxf6 31. Rb1 $18) 28. Qb6 Rde8 29.
Bxg7 $1 Re4 (29... Kxg7 30. f6+ Kh7 31. fxe7 $18) 30. Bxh6 1-0

[Event "Bundesliga 0506"]
[Site "Germany"]
[Date "2006.01.28"]
[Round "8.1"]
[White "Lutz, Christopher"]
[Black "Vogt, Lothar"]
[Result "1-0"]
[WhiteElo "2609"]
[BlackElo "2484"]
[Annotator "Ftacnik,L"]
[PlyCount "77"]
[EventDate "2005.10.21"]
[EventType "team-tourn"]
[EventRounds "15"]
[EventCountry "GER"]
[SourceTitle "CBM 111"]
[Source "ChessBase"]
[SourceDate "2006.04.04"]
[SourceVersion "1"]
[SourceVersionDate "2006.04.04"]
[SourceQuality "1"]
[WhiteTeam "Porz"]
[BlackTeam "Leipzig Gohlis"]
[WhiteTeamCountry "GER"]
[BlackTeamCountry "GER"]

1. e4 c5 2. Nf3 d6 3. d4 cxd4 4. Nxd4 Nf6 5. Nc3 e6 6. Be3 Be7 7. f4 Nc6 8. Qf3
e5 9. Nxc6 bxc6 10. f5 d5 11. exd5 cxd5 (11... Bb4 $5) 12. O-O-O Bb7 13. Bc4 $5
{Lutz is not asking for special favours, he will be happy to win the central
pawn d5.} (13. Bb5+ Kf8 14. Bc4 e4 15. Qe2 Qa5 16. Bb3 Rd8 17. Bd4 h5 18. g3
Rh6 19. h3 Ne8 20. Kb1 {1-0 Alzate,D (2430)-Alzate Londono,W/Cali 2001}) 13...
Qc7 (13... e4 14. Qg3 Bd6 15. Qxg7 Rg8 16. Bb5+ Ke7 17. Qh6 Qc7 18. g3 Be5 19.
Bd4 Rac8 20. Ba4 Bxd4 21. Rxd4 Qe5 22. Rhd1 Qxf5 23. Bb3 $16 {1/2-1/2 Geenen,M
(2340)-Ng Ek Teong (2205)/Manila 1992 (34)}) 14. Bxd5 Nxd5 (14... e4 15. Qg3
Qxg3 16. hxg3 Nxd5 17. Nxd5 Rd8 18. Nc7+ Kf8 19. Bxa7 $18) 15. Nxd5 Bxd5 (15...
O-O-O 16. f6 $1 Rxd5 17. fxg7 Rhd8 (17... Rxd1+ 18. Rxd1 Rg8 19. Qxf7 $18) 18.
Rxd5 Bxd5 19. Qxd5 Rxd5 20. g8=Q+ Bd8 21. Qxh7 $18) 16. Qxd5 {The difference
to other similar positions with sacrifice of the queenside pawn for the open
files lays in the fact, that black has not yet even castled.} (16. Rxd5 O-O 17.
Qe4 Rab8 18. Rhd1 $16) 16... Rb8 (16... O-O 17. Qd7 $1 Rfc8 18. Qxc7 Rxc7 19.
Rd5 Rac8 20. c3 f6 21. Rhd1 $16) 17. Rd3 O-O (17... a6 18. Rc3 Qxc3 19. bxc3
Ba3+ 20. Kd2 Rd8 21. c4 Ke7 22. Rb1 $18) 18. Qd7 $1 Rfc8 19. Qxc7 Rxc7 20. Rhd1
f6 {[%mdl 4096] Vogt is not facing a rosy prospect in an endgame with a pawn
down with no counterplay.} (20... g6 21. Rd7 Rbc8 22. Rxc7 Rxc7 23. Rd5 f6 24.
g4 $16) 21. Rd7 Rbb7 22. Rxc7 Rxc7 23. Rd5 a6 24. b3 g6 25. g4 $1 (25. fxg6
hxg6 26. c4 Kf7 $16) 25... h5 26. h3 hxg4 27. hxg4 gxf5 28. gxf5 Bb4 {The
trouble for the scond player lays in the fact, that he finds it next to
impossible to attack the only white's weakness on f5.} (28... Rc3 29. Rd3 $1
Rxd3 30. cxd3 Kf7 31. Kb2 Ke8 32. Kc3 Kd7 33. b4 Kc6 34. Kc4 $18) 29. Rd8+ Kf7
30. c4 Ke7 31. Ra8 Rd7 (31... Rc6 32. Kc2 Kd6 33. Kd3 Bc5 34. Bd2 $18) 32. Kc2
(32. Rxa6 Rd3 33. Bb6 Rc3+ 34. Kb2 Rf3 35. a3 Be1 36. b4 $18) 32... a5 33. a3
Be1 (33... Bxa3 34. Rxa5 Bb4 35. Ra4 Bd6 36. c5 Bb8 37. b4 $18) 34. Rg8 $1 Kd6
{Vogt is not able to avert the exchange of rooks with a hopeless bishops
ending.} (34... Kf7 35. Rg1 Bh4 36. Rh1 Bg3 37. Rh7+ Ke8 38. Rxd7 Kxd7 39. Kd3
$18) 35. Rg1 Bh4 36. Rd1+ Kc6 37. Rxd7 Kxd7 38. Kd3 Be1 (38... Kc6 39. b4 axb4
40. axb4 Be1 41. b5+ $18) 39. c5 (39. c5 Kc6 40. Kc4 Bh4 41. b4 $18) 1-0